[Event "Asuncion CIT op"]
[Site "Asuncion"]
[Date "2023.08.15"]
[Round "5"]
[White "Gonzalez Roman, Brahian Daniel"]
[Black "Barrios Chamorro, Jesus Adrian"]
[Result "1/2-1/2"]
[WhiteElo "1285"]
[BlackElo "1585"]
[PlyCount "38"]
[EventDate "2023.08.12"]
[EventType "swiss"]
[EventRounds "9"]
[EventCountry "PAR"]
[SourceTitle "CBM 215 Extra"]
[Source "ChessBase"]
[SourceDate "2023.09.30"]
[SourceVersion "1"]
[SourceVersionDate "2023.09.30"]
[SourceQuality "1"]

1. e4 c6 2. Nc3 d5 3. exd5 cxd5 4. d4 Nf6 5. Nf3 Bg4 6. Bf4 a6 7. Be2 e6 8. Ne5 Bxe2 9. Nxe2 Bd6 10. 0-0 0-0 11. c3 Nc6 12. Nxc6 bxc6 13. Bg5 Bxh2+ 14. Kxh2 Ng4+ 15. Kg1 Qxg5 16. Ng3 Nxf2 17. Kxf2 Qf4+ 18. Qf3 Qd2+ 19. Qe2 Qf4+ 1/2-1/2

[Event "South America-ch U20"]
[Site "Asuncion"]
[Date "2018.05.21"]
[Round "3"]
[White "Barrios Chamorro, Jesus Adrian"]
[Black "Perez, Daniel1111"]
[Result "0-1"]
[WhiteElo "1542"]
[BlackElo "2084"]
[PlyCount "40"]
[EventDate "2018.05.20"]
[EventType "swiss"]
[EventRounds "9"]
[EventCountry "PAR"]
[SourceTitle "CBM 184 Extra"]
[Source "ChessBase"]
[SourceDate "2018.06.28"]
[SourceVersion "1"]
[SourceVersionDate "2018.06.28"]
[SourceQuality "1"]

1. e4 c6 2. d4 d5 3. exd5 cxd5 4. Bd3 Nc6 5. c3 Nf6 6. Bf4 Bg4 7. Qb3 e5 8. dxe5 Nh5 9. Be3 Nxe5 10. Bb5+ Nc6 11. Qa4 Bd7 12. Nf3 Bd6 13. Nbd2 a6 14. Be2 b5 15. Qd1 0-0 16. Nd4 Nxd4 17. Bxd4 Nf4 18. 0-0 Qg5 19. Bf3 Bh3 20. Be3 Bxg2 0-1

[Event "PAR-ch U18"]
[Site "Asuncion"]
[Date "2018.03.11"]
[Round "6.5"]
[White "Lugo, Sabrina"]
[Black "Barrios Chamorro, Jesus Adrian"]
[Result "0-1"]
[WhiteElo "1276"]
[BlackElo "1565"]
[PlyCount "136"]
[EventDate "2018.03.09"]
[EventType "swiss"]
[EventRounds "7"]
[EventCountry "PAR"]
[SourceTitle "EXT 2023"]
[Source "ChessBase"]
[SourceDate "2022.10.05"]
[SourceVersion "1"]
[SourceVersionDate "2022.10.05"]
[SourceQuality "1"]

1. d4 d5 2. Bf4 c6 3. c3 Qb6 4. Qb3 Nd7 5. Nd2 Qxb3 6. axb3 Ngf6 7. h3 Nb6 8. Ngf3 h6 9. e3 Bf5 10. Be2 e6 11. 0-0 Nc8 12. Rfc1 Bd6 13. Bxd6 Nxd6 14. c4 0-0 15. Ne5 Rfd8 16. Bd3 Bxd3 17. Nxd3 a6 18. f3 Rac8 19. Kf2 Nd7 20. Ke2 Kf8 21. c5 Nb5 22. b4 Ke7 23. Nb3 Rb8 24. Rd1 Rdc8 25. e4 dxe4 26. fxe4 Nf6 27. e5 Nd5 28. Rdc1 Rd8 29. g3 Rd7 30. h4 Rbd8 31. Rc4 h5 32. Rd1 Rg8 33. Kf3 g6 34. Nf4 Rh8 35. Ne2 Ndc7 36. g4 hxg4+ 37. Kxg4 Nd5 38. Rh1 Kf8 39. Ng3 f5+ 40. exf6 Nxf6+ 41. Kf4 Rdh7 42. Kg5 Kg7 43. Nd2 Nh5 44. Nde4 Nxg3 45. Nxg3 Rd8 46. Ne2 Rd5+ 47. Kg4 Rh8 48. Rh3 Rhd8 49. h5 gxh5+ 50. Rxh5 Rxh5 51. Kxh5 Rh8+ 52. Kg5 Rh2 53. Nf4 Kf7 54. b3 Rb2 55. Nd3 Rxb3 56. Ne5+ Kg7 57. Kf4 Rc3 58. Rxc3 Nxc3 59. Nd3 Kf6 60. Ke3 Kf5 61. Kd2 Nd5 62. Nb2 Ke4 63. Nc4 Kxd4 64. Nd6 Nxb4 65. Nxb7 e5 66. Ke2 e4 67. Kd2 Nd3 68. Nd6 Nxc5 0-1

[Event "Asuncion Bobby Fischer U2000"]
[Site "Asuncion"]
[Date "2018.02.15"]
[Round "1.16"]
[White "Frutos Moreno, Carlos Manuel"]
[Black "Barrios Chamorro, Jesus Adrian"]
[Result "0-1"]
[WhiteElo "1199"]
[BlackElo "1468"]
[PlyCount "80"]
[EventDate "2018.02.15"]
[EventType "swiss"]
[EventRounds "7"]
[EventCountry "PAR"]
[SourceTitle "EXT 2023"]
[Source "ChessBase"]
[SourceDate "2022.10.05"]
[SourceVersion "1"]
[SourceVersionDate "2022.10.05"]
[SourceQuality "1"]

1. e4 c6 2. Nc3 d5 3. d4 dxe4 4. Nxe4 Bf5 5. f3 e6 6. h4 h6 7. c3 Nf6 8. Bd3 Nxe4 9. fxe4 Bg6 10. Nf3 Nd7 11. Be3 Be7 12. Bf2 0-0 13. e5 Bxd3 14. Qxd3 c5 15. g4 cxd4 16. Bxd4 g6 17. 0-0-0 Bc5 18. Qe3 Bxd4 19. Rxd4 Qe7 20. Qxh6 Rfd8 21. h5 Nf8 22. Qf4 Rxd4 23. Nxd4 Nh7 24. hxg6 fxg6 25. Nf3 Rf8 26. Qg3 Qf7 27. Qh4 Qg7 28. Qf2 Ng5 29. Qxa7 Rxf3 30. Qa8+ Rf8 31. Qa3 Nf7 32. Qc5 Qxe5 33. Qxe5 Nxe5 34. Rg1 Rf4 35. b4 Rxg4 36. Rxg4 Nxg4 37. a4 Ne5 38. b5 Nc4 39. Kc2 g5 40. Kb3 g4 0-1

[Event "Florianopolis op 4th"]
[Site "Florianopolis"]
[Date "2018.01.21"]
[Round "4"]
[White "Marques, Andre Rezende"]
[Black "Barrios Chamorro, Jesus Adrian"]
[Result "0-1"]
[WhiteElo "1933"]
[BlackElo "1468"]
[PlyCount "122"]
[EventDate "2018.01.19"]
[EventType "swiss"]
[EventRounds "10"]
[EventCountry "BRA"]
[SourceTitle "EXT 2019"]
[Source "ChessBase"]
[SourceDate "2018.10.10"]
[SourceVersion "1"]
[SourceVersionDate "2018.10.10"]
[SourceQuality "1"]

1. d4 d5 2. Bf4 Nf6 3. e3 e6 4. Nd2 Bd6 5. Bg3 c5 6. c3 Nc6 7. Ngf3 0-0 8. Ne5 cxd4 9. exd4 Qc7 10. f4 Nd7 11. Bd3 f6 12. Qh5 f5 13. Bh4 Nf6 14. Bxf6 Rxf6 15. Qe2 Bd7 16. Ndf3 Bxe5 17. fxe5 Rff8 18. Ng5 h6 19. h4 Qd8 20. 0-0-0 Rc8 21. Kb1 hxg5 22. hxg5 Kf7 23. Qh5+ Ke7 24. g6 Be8 25. Qh7 Kd7 26. Qxg7+ Qe7 27. Qh7 Qxh7 28. gxh7 Rh8 29. g4 Bg6 30. gxf5 Bxf5 31. Bxf5 exf5 32. Rh6 Rcf8 33. Kc1 Ke7 34. Kd2 Rf7 35. Rdh1 Nd8 36. Ke2 Ne6 37. Rf1 Rhxh7 38. Rxh7 Rxh7 39. Rxf5 Rh2+ 40. Rf2 Nf4+ 41. Kf3 Rxf2+ 42. Kxf2 Nd3+ 43. Ke3 Nxb2 44. Kd2 Nc4+ 45. Kc2 b5 46. Kb3 Kd7 47. Kb4 Kc6 48. Kb3 a5 49. Kc2 Kd7 50. Kb3 Ke6 51. Kc2 Nxe5 52. dxe5 Kxe5 53. Kd3 b4 54. cxb4 axb4 55. Ke3 d4+ 56. Kd3 Kd5 57. Kd2 Kc4 58. Kc2 d3+ 59. Kd2 Kd4 60. Kc1 Kc3 61. Kd1 d2 0-1

[Event "Asuncion Clasificatorio op 6th"]
[Site "Asuncion"]
[Date "2016.10.03"]
[Round "7.8"]
[White "Barrios Chamorro, Jesus Adrian"]
[Black "Gamarra, Ramon"]
[Result "0-1"]
[WhiteElo "1366"]
[BlackElo "1915"]
[PlyCount "39"]
[EventDate "2016.09.30"]
[EventType "swiss"]
[EventRounds "7"]
[EventCountry "PAR"]
[SourceTitle "EXT 2023"]
[Source "ChessBase"]
[SourceDate "2022.10.05"]
[SourceVersion "1"]
[SourceVersionDate "2022.10.05"]
[SourceQuality "1"]

1. e4 c5 2. Nf3 d6 3. Bc4 e6 4. Bb3 Nc6 5. c3 Nf6 6. d3 Be7 7. 0-0 Rb8 8. a4 0-0 9. Re1 b6 10. Nbd2 a6 11. Nf1 b5 12. axb5 axb5 13. h3 b4 14. d4 Qb6 15. Bc2 Bb7 16. dxc5 dxc5 17. Qe2 Nd7 18. Ne3 Nde5 19. Nc4 Nxc4 20. Qxc4 0-1